| 000 | 01369nam a2200337 c 4500 | ||
|---|---|---|---|
| 003 | BLK | ||
| 005 | 20250715143517.0 | ||
| 008 | 180411b bul|||||r ||||||| ||bul|| | ||
| 010 | _aKNG00180575000 | ||
| 020 |
_a978-954-2992-19-6 _bиздат.: Междунар. д-во Елиас Канети |
||
| 040 | _aBLK | ||
| 041 |
_aBUL _cBUL |
||
| 072 | 7 |
_2bullib _aН83 _xЧужда художествена литература Н |
|
| 080 |
_aАвстрийска литература _b821.112(436) _x-312.4 _z821.112(436)-312.4 |
||
| 100 | 1 |
_aХохгатерер, Паулус _eпърви автор _9137682 |
|
| 700 | 1 |
_aНиколова, Недка _eпрев. от нем. _9366490 |
|
| 139 |
_aХохгатерер, Паулус _bХ 72 |
||
| 245 | 1 | 0 |
_aКъщата с матраците _bРоман _cПаулус Хохгатерер; прев. от нем. Недка Николова. |
| 257 | _aBGR | ||
| 260 |
_аРусе _bМеждунар. д-во Елиас Канети _c2014 |
||
| 300 |
_a252 с. _c20 см |
||
| 380 | _aX | ||
| 500 | _aОриг. загл. Das Matratzenhaus / Paulus Hochgatterer. | ||
| 659 | _aН | ||
| 852 | _aЦб 276296 | ||
| 856 | 4 |
_qpdf _u |
|
| 856 | 4 |
_qpdf _u |
|
| 942 |
_cKNG _n0 _01 |
||
| 944 |
_aCR _c28.08.2015 _k30546 _lРенета Константинова |
||
| 944 |
_aED _c28.08.2015 _kПенка_Димитрова |
||
| 999 |
_c172263 _d172263 |
||